Simple general knowledge #3 - Statistics

General Stats
  • This quiz has been taken 42 times
  • The average score is 17 of 25
Answer Stats
Question Answer % Correct
What is 'Aircon' short for? Air Conditioning
100%
What does 'AD' stand for (date wise)? Anno Domine
100%
The 'Tasmanian Devil' is fictitious False
100%
A 'Haggis' is a real creature. False
100%
The 'Spice Girls' are all named after various spices False
100%
Who is Mario's brother (Mario Kart)? Luigi
100%
In which city is the Arc de Triomphe ? Paris
100%
In the novel, 'A Tale of Two Cities', what are the two cities? Paris and London
100%
Which of the following is NOT a US state? San Diego
100%
What is an adult male horse called? Stallion
100%
Which book series is 'Katniss Everdeen' from? The Hunger Games
100%
The film 'The Shawshank Redemption' is based on a book True
100%
The Great Barrier Reef is off the coast of Queensland, Australia True
100%
Portugal is in South America False
50%
The Great Wall of China is visible from space. False
50%
The Great Pyramids of Giza are not actually in Giza False
50%
Crochet is another word for knitting False
50%
Who fiddled while Rome burned? Nero
50%
Which film does the instantly recognisable character, 'No-Face' appear in? Spirited Away
50%
Queen Elizabeth the First never married True
50%
The 'dark side of the moon' is not visible from Earth True
50%
Which city is the capital of Turkey Ankara
0%
Which city makes the best rum? (according to some international competition) Bundaberg
0%
There is a red and white striped pole at the exact North Pole of Earth False
0%
New Orleans is named after a city in which country? France
0%
No matching quizzes found
Score Distribution
Percent of People with Each Score
Percentile by Number Answered
Your Score History
You have not taken this quiz